[Event "Liguria Region-ch"]
[Site "Spotorno"]
[Date "2016.05.14"]
[Round "3"]
[White "Biancotti, Alessandro"]
[Black "Nikolajevic, Tihomir"]
[Result "1/2-1/2"]
[WhiteElo "1864"]
[BlackElo "1838"]
[PlyCount "96"]
[EventDate "2016.05.13"]
[EventType "swiss"]
[EventRounds "5"]
[EventCountry "ITA"]
[SourceTitle "EXT 2018"]
[Source "ChessBase"]
[SourceDate "2017.10.13"]
[SourceVersion "1"]
[SourceVersionDate "2017.10.13"]
[SourceQuality "1"]

1. e4 c5 2. Nf3 Nc6 3. c3 d5 4. exd5 Qxd5 5. Be2 Nf6 6. 0-0 e6 7. c4 Qd8 8. Nc3 Be7 9. d3 0-0 10. a3 a6 11. Qc2 Qc7 12. Ne4 h6 13. Be3 b6 14. Rfd1 e5 15. Bd2 Nd4 16. Nxd4 exd4 17. Bf3 Bb7 18. Nxf6+ Bxf6 19. Bxb7 Qxb7 20. Bf4 Rfe8 21. Re1 Qc6 22. b4 Re6 23. Rxe6 Qxe6 24. bxc5 bxc5 25. Kf1 Re8 26. Qd2 Qf5 27. Re1 Rxe1+ 28. Kxe1 Qe6+ 29. Kd1 Qb6 30. Qc2 Qb7 31. Bg3 Qxg2 32. Qe2 Qc6 33. Kc2 Qa4+ 34. Kb2 Qa5 35. f4 Qc3+ 36. Ka2 Kh7 37. Qe4+ g6 38. f5 Qc2+ 39. Ka1 Qc1+ 40. Ka2 g5 41. Qb7 Kg7 42. Qb2 Qf1 43. Bd6 Qxf5 44. Qb8 Qxd3 45. Qf8+ Kg6 46. Qg8+ Kh5 47. Qxf7+ Kg4 48. Qxf6 Qc2+ 1/2-1/2

[Event "Robecchetto op-B 25th"]
[Site "Robecchetto"]
[Date "2014.12.28"]
[Round "4"]
[White "Sala, Gianni"]
[Black "Biancotti, Alessandro"]
[Result "0-1"]
[WhiteElo "1772"]
[BlackElo "1874"]
[PlyCount "100"]
[EventDate "2014.12.26"]
[EventType "swiss"]
[EventRounds "6"]
[EventCountry "ITA"]
[SourceTitle "EXT 2017"]
[Source "ChessBase"]
[SourceDate "2016.10.25"]
[SourceVersion "1"]
[SourceVersionDate "2016.10.25"]
[SourceQuality "1"]

1. e4 c5 2. Nf3 d6 3. d4 cxd4 4. Nxd4 Nf6 5. Nc3 g6 6. Be2 Bg7 7. Be3 Nc6 8. h3 0-0 9. 0-0 Nxd4 10. Bxd4 Be6 11. Qd2 a6 12. a4 Rc8 13. a5 Bc4 14. Rfe1 Bxe2 15. Rxe2 Re8 16. Na4 Nd7 17. Bxg7 Kxg7 18. Qd4+ Kg8 19. Nc3 Rc6 20. Nd5 Qc8 21. c3 Rc4 22. Qd2 Rc5 23. Qd4 Ne5 24. Nb6 Qe6 25. b4 Rc6 26. Rc1 Qf6 27. Qe3 Qe6 28. f3 Nc4 29. Nxc4 Qxc4 30. Rec2 Rec8 31. Kf2 Qb5 32. Qe2 Qe5 33. Qd3 Qf6 34. c4 Qh4+ 35. Kg1 Qg5 36. Kf2 Qe5 37. Qc3 Qe6 38. Qd4 Qd7 39. Rc3 Qc7 40. g3 b6 41. axb6 Qxb6 42. Qxb6 Rxb6 43. Ra3 Rxb4 44. Rxa6 Rbxc4 45. Rb1 Rc2+ 46. Ke3 R8c3+ 47. Kf4 Rf2 48. Kg5 Kg7 49. Kg4 Rfxf3 50. Rg1 h5+ 0-1

[Event "Arvier op"]
[Site "Arvier"]
[Date "2010.07.09"]
[Round "9"]
[White "Biancotti, Alessandro"]
[Black "Marguerettaz, Davy"]
[Result "0-1"]
[WhiteElo "1899"]
[BlackElo "2092"]
[PlyCount "74"]
[EventDate "2010.07.03"]
[EventType "swiss"]
[EventRounds "9"]
[EventCountry "ITA"]
[SourceTitle "CBM 137 Extra"]
[Source "ChessBase"]
[SourceDate "2010.09.01"]
[SourceVersion "1"]
[SourceVersionDate "2010.09.01"]
[SourceQuality "1"]

1. e4 c6 2. d4 d5 3. exd5 cxd5 4. Bd3 Nc6 5. c3 Nf6 6. Bf4 Bg4 7. Qb3 Qd7 8. Nd2 e6 9. Ngf3 Bxf3 10. Nxf3 Bd6 11. Bxd6 Qxd6 12. 0-0 0-0 13. Rfe1 Rab8 14. Qc2 b5 15. a3 a5 16. Ne5 Rfc8 17. Qd2 Nd7 18. Bxh7+ Kxh7 19. Nxf7 Qf8 20. Ng5+ Kg8 21. Nxe6 Qf5 22. Re2 Nf6 23. Ng5 Re8 24. Rxe8+ Rxe8 25. h3 Ne4 26. Nxe4 Qxe4 27. Qd1 Qe2 28. Qb3 Rd8 29. a4 b4 30. Rd1 Kh8 31. cxb4 Nxb4 32. Rc1 Re8 33. Qg3 Qxb2 34. Qh4+ Kg8 35. Rc7 Qb1+ 36. Kh2 Qe4 37. Qh5 Qf4+ 0-1

[Event "Arvier op"]
[Site "Arvier"]
[Date "2010.07.07"]
[Round "6"]
[White "Biancotti, Alessandro"]
[Black "Aral, Simone"]
[Result "1-0"]
[WhiteElo "1899"]
[BlackElo "1449"]
[PlyCount "38"]
[EventDate "2010.07.03"]
[EventType "swiss"]
[EventRounds "9"]
[EventCountry "ITA"]
[SourceTitle "CBM 137 Extra"]
[Source "ChessBase"]
[SourceDate "2010.09.01"]
[SourceVersion "1"]
[SourceVersionDate "2010.09.01"]
[SourceQuality "1"]

1. e4 c5 2. Nf3 e6 3. d4 cxd4 4. Nxd4 a6 5. Be2 Nc6 6. Be3 Nf6 7. Nc3 Bb4 8. Nxc6 Bxc3+ 9. bxc3 bxc6 10. e5 Nd5 11. Bd4 Qa5 12. Qd2 c5 13. c4 Qxd2+ 14. Kxd2 cxd4 15. cxd5 exd5 16. Kd3 0-0 17. Rab1 f6 18. exf6 Rxf6 19. Bf3 d6 1-0

[Event "Arvier op"]
[Site "Arvier"]
[Date "2010.07.05"]
[Round "3"]
[White "Mossong, Hubert"]
[Black "Biancotti, Alessandro"]
[Result "1-0"]
[WhiteElo "2162"]
[BlackElo "1899"]
[PlyCount "65"]
[EventDate "2010.07.03"]
[EventType "swiss"]
[EventRounds "9"]
[EventCountry "ITA"]
[SourceTitle "CBM 137 Extra"]
[Source "ChessBase"]
[SourceDate "2010.09.01"]
[SourceVersion "1"]
[SourceVersionDate "2010.09.01"]
[SourceQuality "1"]

1. e4 c5 2. Nc3 Nc6 3. Bb5 d6 4. Bxc6+ bxc6 5. f4 e6 6. d3 Ne7 7. Nf3 Ng6 8. 0-0 Be7 9. Qe1 0-0 10. g3 Qb6 11. Na4 Qb4 12. b3 Qxe1 13. Rxe1 Bd7 14. e5 d5 15. c4 Rfd8 16. Ba3 Be8 17. Rad1 Nf8 18. Bxc5 Bxc5+ 19. Nxc5 Nd7 20. Nxd7 Bxd7 21. c5 Rdb8 22. Nd4 a5 23. a3 Kf8 24. Kf2 Ke7 25. Ke3 Be8 26. Kd2 Kd7 27. Kc3 Kc7 28. g4 Rb7 29. f5 Kd7 30. Re3 Rab8 31. Rf1 Ke7 32. Rh3 h6 33. f6+ 1-0

[Event "Torino Alfieri op-B"]
[Site "Torino"]
[Date "2010.06.08"]
[Round "6"]
[White "Biancotti, Alessandro"]
[Black "Femia, Nicola"]
[Result "1-0"]
[WhiteElo "1886"]
[BlackElo "1833"]
[PlyCount "59"]
[EventDate "2010.05.04"]
[EventType "tourn"]
[EventRounds "7"]
[EventCountry "ITA"]
[SourceTitle "EXT 2024"]
[Source "ChessBase"]
[SourceDate "2023.10.10"]
[SourceVersion "1"]
[SourceVersionDate "2023.10.10"]
[SourceQuality "1"]

1. e4 c5 2. Nf3 Nc6 3. d4 cxd4 4. Nxd4 Nf6 5. Nc3 a6 6. Be2 d6 7. 0-0 Bd7 8. Be3 e6 9. f4 Qc7 10. g4 Be7 11. g5 Ng8 12. f5 0-0-0 13. fxe6 fxe6 14. Bg4 Nxd4 15. Bxd4 e5 16. Nd5 Qc6 17. Bxd7+ Rxd7 18. Bb6 Bxg5 19. Rf8+ Bd8 20. Qg4 Nf6 21. Ne7+ Kb8 22. Nxc6+ bxc6 23. Rxf6 Bxb6+ 24. Kh1 Kc7 25. Rff1 h5 26. Qe2 Kb7 27. Rf5 g5 28. Rxg5 Rf7 29. Rf1 Rfh7 30. Rgf5 1-0

[Event "Montebelluna op 10th"]
[Site "Montebelluna"]
[Date "2009.12.27"]
[Round "1"]
[White "Milazzo, Mario"]
[Black "Biancotti, Alessandro"]
[Result "1/2-1/2"]
[WhiteElo "2059"]
[BlackElo "1912"]
[PlyCount "158"]
[EventDate "2009.12.27"]
[EventType "swiss"]
[EventRounds "7"]
[EventCountry "ITA"]
[SourceTitle "EXT 2012"]
[Source "ChessBase"]
[SourceDate "2011.11.24"]
[SourceVersion "1"]
[SourceVersionDate "2011.11.24"]
[SourceQuality "1"]

1. c4 e5 2. Nc3 Nc6 3. g3 g6 4. Bg2 Bg7 5. e3 d6 6. Nge2 Be6 7. d3 f5 8. Rb1 Nf6 9. Nd5 0-0 10. 0-0 Rb8 11. Bd2 Ne7 12. Nxf6+ Bxf6 13. Qc2 c6 14. f4 Qd7 15. Bc3 b5 16. b3 b4 17. Ba1 c5 18. d4 Qc7 19. fxe5 dxe5 20. d5 Bd7 21. Rbd1 Qd6 22. Nc1 a5 23. Qf2 a4 24. Nd3 e4 25. Bxf6 Rxf6 26. Bxe4 axb3 27. axb3 fxe4 28. Qxf6 Qxf6 29. Rxf6 exd3 30. e4 Ra8 31. Rxd3 Bh3 32. Kf2 Ra2+ 33. Ke3 Bg4 34. d6 Nc6 35. d7 Nd8 36. Kf4 Bh3 37. Ke5 Kg7 38. Rff3 Ra7 39. Kd6 Bxd7 40. Kxc5 Nf7 41. Rf2 Ne5 42. Rd5 Ng4 43. Rfd2 Be6 44. Rd6 Kf6 45. Kxb4 Rb7+ 46. Kc3 Ke5 47. b4 Nf6 48. Rxe6+ Kxe6 49. Re2 Ke5 50. b5 Nxe4+ 51. Kb4 Kd4 52. Re1 Nc3 53. Re8 Na2+ 54. Kb3 Nc1+ 55. Kc2 Kxc4 56. Kxc1 Rxb5 57. Re7 Rh5 58. Re2 Kd3 59. Kd1 Ra5 60. Ke1 Ra1+ 61. Kf2 Ra7 62. Re3+ Kd4 63. h3 Rf7+ 64. Ke2 Ra7 65. Re8 Ra3 66. Kf2 Ra2+ 67. Kf3 Ra3+ 68. Kf4 g5+ 69. Kg4 h5+ 70. Kxg5 Rxg3+ 71. Kh4 Ra3 72. Rh8 Ke5 73. Rxh5+ Kf6 74. Rb5 Kg6 75. Rb6+ Kg7 76. Rb4 Kh6 77. Kg4 Ra5 78. h4 Rc5 79. Rb6+ Kh7 1/2-1/2

[Event "Recco op 2nd"]
[Site "Recco"]
[Date "2008.11.28"]
[Round "1"]
[White "Sbarra, Marco"]
[Black "Biancotti, Alessandro"]
[Result "1-0"]
[WhiteElo "2204"]
[BlackElo "1837"]
[PlyCount "35"]
[EventDate "2008.11.28"]
[EventType "swiss"]
[EventRounds "5"]
[EventCountry "ITA"]
[SourceTitle "EXT 2011"]
[Source "ChessBase"]
[SourceDate "2010.11.26"]
[SourceVersion "1"]
[SourceVersionDate "2010.11.26"]
[SourceQuality "1"]

1. d4 Nf6 2. c4 g6 3. Nc3 d5 4. Nf3 Bg7 5. Bg5 c6 6. e3 Qa5 7. cxd5 cxd5 8. Qb3 e6 9. Bb5+ Nc6 10. Ne5 Bd7 11. Bxf6 Bxf6 12. Nxd7 Kxd7 13. 0-0 h5 14. Nxd5 exd5 15. Qxd5+ Ke7 16. Qc5+ Kd8 17. Qd6+ Kc8 18. Bxc6 1-0

[Event "Asti Alfieri Memorial 3rd"]
[Site "Asti"]
[Date "2008.03.30"]
[Round "5"]
[White "Del Nevo, Claudio"]
[Black "Biancotti, Alessandro"]
[Result "1-0"]
[WhiteElo "1920"]
[BlackElo "1873"]
[PlyCount "131"]
[EventDate "2008.03.27"]
[EventType "swiss"]
[EventRounds "6"]
[EventCountry "ITA"]
[SourceTitle "EXT 2011"]
[Source "ChessBase"]
[SourceDate "2010.11.26"]
[SourceVersion "1"]
[SourceVersionDate "2010.11.26"]
[SourceQuality "1"]

1. d4 Nf6 2. Nf3 d5 3. Bg5 Ne4 4. Bf4 c5 5. c3 e6 6. e3 cxd4 7. exd4 Bd6 8. Ne5 0-0 9. Bg3 Nc6 10. Nxc6 bxc6 11. Bd3 Nf6 12. Qc2 Re8 13. Be5 h6 14. h3 Bxe5 15. dxe5 Nd7 16. f4 Qh4+ 17. Qf2 Qxf2+ 18. Kxf2 Nc5 19. Bc2 Ba6 20. b4 Bd3 21. Bxd3 Nxd3+ 22. Ke3 Nb2 23. Nd2 a5 24. a3 Rec8 25. Nb3 Nc4+ 26. Kd4 Kf8 27. Rhb1 Rc7 28. Nc5 axb4 29. axb4 Rca7 30. Nb3 Na3 31. Rc1 Ke7 32. Na5 Nb5+ 33. Kc5 Kd7 34. Rab1 Ra6 35. Rb2 f6 36. c4 Na7 37. Kd4 Rb8 38. Nb3 Rab6 39. Ra1 Nc8 40. Nc5+ Ke7 41. Rab1 f5 42. Nd3 Ra6 43. b5 cxb5 44. Rxb5 Rxb5 45. cxb5 Ra4+ 46. Rb4 Rxb4+ 47. Nxb4 Kd7 48. Kc5 Kc7 49. Nc6 Nb6 50. Nd4 Nd7+ 51. Kb4 Nf8 52. Ka5 Kb7 53. b6 g5 54. g3 gxf4 55. gxf4 h5 56. Kb5 h4 57. Kc5 Ng6 58. Nxe6 d4 59. Nxd4 Nxf4 60. Nxf5 Ne6+ 61. Kd6 Nf8 62. e6 Nxe6 63. Kxe6 Kxb6 64. Nxh4 Kc7 65. Nf5 Kd8 66. Ng7 1-0

[Event "Asti Alfieri Memorial 3rd"]
[Site "Asti"]
[Date "2008.03.28"]
[Round "2"]
[White "Raviola, Giuseppe"]
[Black "Biancotti, Alessandro"]
[Result "1-0"]
[WhiteElo "2113"]
[BlackElo "1873"]
[PlyCount "139"]
[EventDate "2008.03.27"]
[EventType "swiss"]
[EventRounds "6"]
[EventCountry "ITA"]
[SourceTitle "EXT 2011"]
[Source "ChessBase"]
[SourceDate "2010.11.26"]
[SourceVersion "1"]
[SourceVersionDate "2010.11.26"]
[SourceQuality "1"]

1. e4 c5 2. Nf3 d6 3. d4 cxd4 4. Nxd4 Nf6 5. Nc3 g6 6. Be2 Bg7 7. Be3 0-0 8. Qd2 Ng4 9. Bxg4 Bxg4 10. f3 Bd7 11. g4 Nc6 12. Nxc6 bxc6 13. Bd4 Bxd4 14. Qxd4 Qb6 15. 0-0-0 Qxd4 16. Rxd4 Be6 17. h3 a5 18. f4 Rfb8 19. f5 Bd7 20. f6 c5 21. Rd3 exf6 22. Rxd6 Be6 23. Rhd1 a4 24. a3 Kf8 25. Rc6 Ra5 26. Rc7 Ke8 27. Rd6 Rd8 28. Rdc6 c4 29. Rc5 Rxc5 30. Rxc5 Ra8 31. Rb5 Kd7 32. Rb4 Kd6 33. Kd2 Ke5 34. Ke3 f5 35. gxf5 gxf5 36. Rb5+ Kf6 37. h4 h6 38. exf5 Bxf5 39. Nd5+ Kg7 40. Nc7 Rc8 41. Rxf5 Rxc7 42. Ra5 c3 43. Kd3 cxb2 44. Rb5 Kg6 45. Rxb2 Kf5 46. Rb4 Ra7 47. c4 Ke5 48. Rb5+ Kf4 49. c5 Ke5 50. Kc4 f6 51. Rb8 f5 52. Re8+ Kf6 53. c6 f4 54. Kd4 f3 55. Re3 Ra5 56. Rxf3+ Ke6 57. Rc3 Rd5+ 58. Kc4 Kd6 59. c7 Rc5+ 60. Kb4 Rxc3 61. Kxc3 Kxc7 62. Kb4 Kd6 63. Kxa4 Ke5 64. Kb4 Kf4 65. a4 Kg4 66. a5 Kxh4 67. a6 Kg3 68. a7 h5 69. a8Q h4 70. Qh1 1-0

[Event "Asti Alfieri Memorial 3rd"]
[Site "Asti"]
[Date "2008.03.27"]
[Round "1"]
[White "Biancotti, Alessandro"]
[Black "Muscato, Alessandro"]
[Result "1-0"]
[WhiteElo "1873"]
[BlackElo "2002"]
[PlyCount "67"]
[EventDate "2008.03.27"]
[EventType "swiss"]
[EventRounds "6"]
[EventCountry "ITA"]
[SourceTitle "EXT 2011"]
[Source "ChessBase"]
[SourceDate "2010.11.26"]
[SourceVersion "1"]
[SourceVersionDate "2010.11.26"]
[SourceQuality "1"]

1. e4 c6 2. d4 d5 3. exd5 cxd5 4. c4 Nf6 5. Nc3 Nc6 6. cxd5 Nxd5 7. Nf3 Bf5 8. a3 a6 9. Bd3 Bg4 10. Be2 Nxc3 11. bxc3 Qa5 12. Bd2 e5 13. c4 Qc7 14. d5 Nd4 15. Nxd4 exd4 16. Bxg4 Qxc4 17. Qe2+ Qxe2+ 18. Bxe2 0-0-0 19. Bf3 Re8+ 20. Kd1 Bd6 21. Re1 Rxe1+ 22. Bxe1 Bxh2 23. g3 h5 24. Rc1+ Kd7 25. Ba5 h4 26. Rc7+ Kd6 27. Rxb7 h3 28. Bb4+ Ke5 29. Rxf7 Bg1 30. Ke2 g5 31. Ba5 Rc8 32. Bc7+ Rxc7 33. Rxc7 g4 34. Bxg4 1-0

[Event "Imperia Corallo op-A 2nd"]
[Site "Imperia"]
[Date "2007.11.17"]
[Round "2"]
[White "Faraci, Antonino"]
[Black "Biancotti, Alessandro"]
[Result "1-0"]
[WhiteElo "2051"]
[BlackElo "1828"]
[PlyCount "53"]
[EventDate "2007.11.16"]
[EventType "swiss"]
[EventRounds "5"]
[EventCountry "ITA"]
[SourceTitle "EXT 2010"]
[Source "ChessBase"]
[SourceDate "2010.11.25"]
[SourceVersion "1"]
[SourceVersionDate "2010.11.25"]
[SourceQuality "1"]

1. Nf3 c5 2. b3 d5 3. Bb2 Nc6 4. e3 Bg4 5. d4 cxd4 6. exd4 Nf6 7. Bd3 e6 8. 0-0 Bd6 9. Nbd2 0-0 10. h3 Bh5 11. g4 Bg6 12. Bxg6 hxg6 13. Ne5 Nd7 14. Ndf3 Ndxe5 15. dxe5 Bc5 16. a3 a5 17. Qd3 Ne7 18. Kg2 f5 19. Ng5 Qb6 20. f4 fxg4 21. hxg4 Be3 22. Bc1 d4 23. Rf3 Nd5 24. Bxe3 Nxe3+ 25. Kg3 Qc6 26. Qxg6 Qxc2 27. Qxe6+ 1-0

[Event "Nichelino op 8th"]
[Site "Nichelino"]
[Date "2007.10.06"]
[Round "4"]
[White "Biancotti, Alessandro"]
[Black "Diana, Riccardo"]
[Result "0-1"]
[WhiteElo "1828"]
[BlackElo "2070"]
[PlyCount "64"]
[EventDate "2007.10.04"]
[EventType "swiss"]
[EventRounds "6"]
[EventCountry "ITA"]
[SourceTitle "EXT 2010"]
[Source "ChessBase"]
[SourceDate "2010.11.25"]
[SourceVersion "1"]
[SourceVersionDate "2010.11.25"]
[SourceQuality "1"]

1. e4 e5 2. Nf3 Nc6 3. Bb5 a6 4. Ba4 Nf6 5. 0-0 b5 6. Bb3 Bc5 7. c3 d6 8. d4 Bb6 9. dxe5 Nxe5 10. Nxe5 dxe5 11. Qxd8+ Kxd8 12. Bxf7 Rf8 13. Bb3 Nxe4 14. Be3 Bxe3 15. fxe3 Rxf1+ 16. Kxf1 Bb7 17. g3 Ke7 18. Ke2 Rf8 19. Kd3 Rf2 20. c4 Rxh2 21. cxb5 axb5 22. g4 c5 23. Bg8 c4+ 24. Bxc4 bxc4+ 25. Kxc4 Rh1 26. Kd3 Nf2+ 27. Ke2 Nxg4 28. a4 Be4 29. a5 Rxb1 30. Ra4 Rxb2+ 31. Ke1 Bf3 32. e4 Re2+ 0-1

[Event "Nichelino op 8th"]
[Site "Nichelino"]
[Date "2007.10.06"]
[Round "3"]
[White "Gallucci, Alessio"]
[Black "Biancotti, Alessandro"]
[Result "0-1"]
[WhiteElo "2076"]
[BlackElo "1828"]
[PlyCount "144"]
[EventDate "2007.10.04"]
[EventType "swiss"]
[EventRounds "6"]
[EventCountry "ITA"]
[SourceTitle "EXT 2010"]
[Source "ChessBase"]
[SourceDate "2010.11.25"]
[SourceVersion "1"]
[SourceVersionDate "2010.11.25"]
[SourceQuality "1"]

1. e4 c5 2. Nf3 d6 3. d4 cxd4 4. Nxd4 Nf6 5. f3 g6 6. c4 Bg7 7. Be3 0-0 8. Be2 Nc6 9. 0-0 Qb6 10. Nc2 Qxb2 11. Nba3 Qe5 12. Rb1 Qa5 13. Qc1 Rb8 14. Nb5 Bd7 15. Rb3 a6 16. Nc3 Qc7 17. Qb1 Ne5 18. Bb6 Qc8 19. Ne3 Bc6 20. Ncd5 Re8 21. Ba7 Nxd5 22. Nxd5 Bxd5 23. cxd5 Ra8 24. Rc1 Qd7 25. Rxb7 Qa4 26. Bf2 Bh6 27. Rcc7 Rac8 28. Bf1 Rxc7 29. Rxc7 Qa5 30. Ra7 Qd2 31. Rb7 Be3 32. Bxe3 Qxe3+ 33. Kh1 Rc8 34. Rb3 Qd2 35. Rb2 Qe3 36. Rb3 Qd2 37. Rb2 Qe3 38. Re2 Qa3 39. Re1 a5 40. h3 Qc3 41. f4 Nd7 42. Qd1 Nb6 43. e5 Nxd5 44. exd6 exd6 45. Re4 Ne3 46. Qe2 Nxf1 47. Qxf1 d5 48. Re1 d4 49. Rd1 Kg7 50. f5 Rc6 51. Qe2 Qc5 52. Qe4 Rd6 53. Qe7 Qd5 54. Rf1 Rf6 55. Qa3 Rxf5 56. Rd1 Rf2 57. Qg3 Rxa2 58. Qg4 d3 59. Qg3 d2 60. Qc3+ f6 61. Qc7+ Qf7 62. Qc3 a4 63. h4 Qe7 64. Rf1 Qe5 65. Qd3 Qh5 66. Qd7+ Kh6 67. Qd4 Qe5 68. Qd8 Rc2 69. Qd3 Qc3 70. Qe4 Rc1 71. Qf4+ Kg7 72. Kh2 Qe5 0-1

[Event "Nichelino op 8th"]
[Site "Nichelino"]
[Date "2007.10.05"]
[Round "2"]
[White "Biancotti, Alessandro"]
[Black "Egli, Urs Martin"]
[Result "1-0"]
[WhiteElo "1828"]
[BlackElo "2089"]
[PlyCount "79"]
[EventDate "2007.10.04"]
[EventType "swiss"]
[EventRounds "6"]
[EventCountry "ITA"]
[SourceTitle "EXT 2010"]
[Source "ChessBase"]
[SourceDate "2010.11.25"]
[SourceVersion "1"]
[SourceVersionDate "2010.11.25"]
[SourceQuality "1"]

1. e4 e5 2. Nf3 Nc6 3. Bb5 f5 4. Nc3 fxe4 5. Nxe4 d5 6. Ng3 Bg4 7. h3 Bxf3 8. Qxf3 Qd6 9. 0-0 0-0-0 10. c3 Kb8 11. a4 g6 12. a5 e4 13. Qe2 Ne5 14. a6 c6 15. d4 Nf7 16. Ba4 b6 17. Nxe4 dxe4 18. Qxe4 Qd5 19. Bxc6 Qxe4 20. Bxe4 Nf6 21. Bc2 Bd6 22. f4 Rhg8 23. f5 g5 24. Bb3 Rd7 25. Re1 Re8 26. Re6 Be7 27. Ba4 Kc7 28. Bd2 h6 29. Rae1 Nd6 30. h4 gxh4 31. Bf4 Kd8 32. Bxd7 Kxd7 33. Bxh6 Nxf5 34. Bg5 Nd5 35. R6e5 Bxg5 36. Rxd5+ Kc6 37. Rxe8 Kxd5 38. Re5+ Kc4 39. Rxf5 Bc1 40. Rf2 1-0

[Event "Turin Piemonte op 7th"]
[Site "Turin"]
[Date "2007.06.24"]
[Round "6"]
[White "Biancotti, Alessandro"]
[Black "Fittante, Giuliana"]
[Result "0-1"]
[WhiteElo "1856"]
[BlackElo "1839"]
[PlyCount "46"]
[EventDate "2007.06.21"]
[EventType "swiss"]
[EventRounds "6"]
[EventCountry "ITA"]
[SourceTitle "EXT 2010"]
[Source "ChessBase"]
[SourceDate "2010.11.25"]
[SourceVersion "1"]
[SourceVersionDate "2010.11.25"]
[SourceQuality "1"]

1. e4 Nf6 2. Nc3 d5 3. e5 d4 4. exf6 dxc3 5. fxg7 cxd2+ 6. Bxd2 Bxg7 7. c3 Nc6 8. Nf3 Bf5 9. Qb3 Qc8 10. 0-0-0 0-0 11. Nh4 Be6 12. Bc4 Na5 13. Qb5 Nxc4 14. Bf4 Nd6 15. Qg5 Ne4 16. Qa5 b6 17. Qb4 Nxf2 18. Rhf1 Nxd1 19. Rxd1 c5 20. Qe4 Qa6 21. a3 Rad8 22. Re1 Qd3 23. Qc6 Bb3 0-1